Normal view
MARC view
Entry Topical Term
001 - CONTROL NUMBER
- control field: 256370
003 - CONTROL NUMBER IDENTIFIER
- control field: OSt
005 - DATE AND TIME OF LATEST TRANSACTION
- control field: 20260221124401.0
008 - FIXED-LENGTH DATA ELEMENTS
- fixed length control field: 260221|| aca||aabn | a|a d
040 ## - CATALOGING SOURCE
- Original cataloging agency: OSt
- Transcribing agency: OSt
150 ## - HEADING--TOPICAL TERM
- Topical term or geographic name entry element: parisara
670 ## - SOURCE DATA FOUND
- Source citation: Work cat.: (OSt)123729: NAGESHA HEGADE ನಾಗೇಶ್ ಹೆಗ್ಡೆ 256367, Science mattu parisara: vijnanada mayaparadeya hindina notagalu, 2018